[Event "IRI-ch U16"]
[Site "Chess.com INT"]
[Date "2021.01.16"]
[Round "7"]
[White "Ghadiri, Sina"]
[Black "Gholami, Amir Mohammad"]
[Result "1-0"]
[WhiteElo "1330"]
[BlackElo "1586"]
[PlyCount "67"]
[EventDate "2021.01.16"]
[EventType "swiss"]
[EventRounds "11"]
[EventCountry "IRI"]
[SourceTitle "EXT 2022"]
[Source "ChessBase"]
[SourceDate "2021.10.06"]
[SourceVersion "1"]
[SourceVersionDate "2021.10.06"]
[SourceQuality "1"]

1. d4 Nf6 2. e3 d5 3. f4 g6 4. Nf3 Bg7 5. Bd3 0-0 6. 0-0 c5 7. c3 Nc6 8. Ne5 Qc7 9. Bd2 h5 10. Be2 Nxe5 11. fxe5 Ne4 12. Bf3 Bf5 13. Be1 f6 14. exf6 exf6 15. Bxe4 Bxe4 16. Nd2 Bf5 17. Nf3 Rfe8 18. Qd2 Bh6 19. Bf2 Re4 20. Nh4 Bxe3 21. Bxe3 Rxh4 22. Bf4 Qc6 23. g3 Rh3 24. Rfe1 Be4 25. Qe2 Re8 26. Qf1 Qe6 27. dxc5 g5 28. Bd6 h4 29. Qf2 Kg7 30. Re3 Rh8 31. Rae1 Qg4 32. c4 hxg3 33. Bxg3 Rxh2 34. Qxh2 1-0